Continents by Area Percentage Quiz Stats

 Plays Quiz Updated Jun 22, 2018

Challenge
Share
Tweet
Score 0/7 Timer 04:00
20 Plays Today
% Correct
Asia (17,212,000)
93.8%
Africa (11,688,600)
84.7%
Oceania
(3,291,903)
80.8%
North America
(9,540,000)
77.9%
South America
(6,890,000)
74.3%
Europe
(3,930,000)
59.4%
Antarctica
(5,400,000)
58.1%

You're not logged in!

Compare scores with friends on all Sporcle quizzes.
Join for Free
OR
Log In

You Might Also Like...

Show Comments

Extras

Top Quizzes Today


Score Distribution

Your Account Isn't Verified!

In order to create a playlist on Sporcle, you need to verify the email address you used during registration. Go to your Sporcle Settings to finish the process.

Report this User

Report this user for behavior that violates our Community Guidelines.

Details: